[Event "FRA-ch U12"]
[Site "Le Grand Bornand"]
[Date "2003.??.??"]
[Round "7.10"]
[White "Chretien, Antonin"]
[Black "Durandeau, Jean Marie"]
[Result "1-0"]
[WhiteElo "1520"]
[BlackElo "1710"]
[PlyCount "73"]
[EventDate "2003.??.??"]
[EventType "swiss"]
[EventRounds "9"]
[EventCountry "FRA"]
[SourceTitle "EXT 2004"]
[Source "ChessBase"]
[SourceDate "2003.11.25"]
[SourceVersion "1"]
[SourceVersionDate "2003.11.25"]
[SourceQuality "1"]

1. e4 e5 2. Nc3 Nf6 3. Bc4 Nxe4 4. Qh5 Nd6 5. Bb3 Nc6 6. Nb5 g6 7. Qf3 f5 8. Qd5 Qe7 9. Nxc7+ Kd8 10. Nxa8 b6 11. d3 Bb7 12. h4 Nd4 13. Bg5 Bxd5 14. Bxd5 Qxg5 15. hxg5 Nxc2+ 16. Kd2 Nxa1 17. Kc1 Kc8 18. Kb1 Nb7 19. Nf3 Bd6 20. Bf7 e4 21. dxe4 fxe4 22. Nd2 e3 23. fxe3 Nd8 24. Bxg6 Rg8 25. Bxh7 Rxg5 26. Ne4 Rd5 27. Nxd6+ Rxd6 28. g4 Nf7 29. Rc1+ Kb7 30. Nc7 Ng5 31. Bf5 Rd2 32. Kxa1 d5 33. Nb5 Nf3 34. Nc3 Ne5 35. Be6 Nd3 36. Bxd5+ Kb8 37. Rd1 1-0